Les ennemis de Spider-Man par image - Statistiques

Statistiques générales
  • Ce quiz a été pris 9 fois
  • Le résultat moyen est 23 sur 100
Statistiques - réponses
Par images Réponse % Correct
Bouffon Vert / Green Goblin
100%
Carnage
100%
Docteur Octopus / Doctor Octopus
100%
Homme-Sable / Sandman
100%
Venom
100%
Caïd / Kingpin
88%
Kraven le Chasseur / Kraven the Hunter
88%
Rhino
88%
Scorpion
88%
Vautour / Vulture
88%
Electro
75%
Lézard / Lizard
75%
Morbius
75%
Mysterio
75%
Chatte Noire / Black Cat
63%
Mister Negative
63%
Shocker
63%
Super-Bouffon / Hobgoblin
50%
Tombstone
50%
Caméléon / Chameleon
38%
Fléau / Juggernaut
38%
Maître de Corvée / Taskmaster
38%
Rôdeur / Prowler
38%
Scream
38%
Boomerang
25%
Grande Roue / Big Wheel
25%
Hammerhead
25%
Harry Osborn
25%
Hydro-Man
25%
Jack O'Lantern
25%
Norman Osborn
25%
Silver Sable
25%
Tâche / Spot
25%
Boeuf / Ox
13%
Bouffon Gris / Gray Goblin
13%
Bricoleur / Tinkerer
13%
Chacal / Jackal
13%
Dragon Blanc / White Dragon
13%
Essaim / Swarm
13%
Fancy Dan
13%
Gibbon
13%
Grand Patron / Big Man
13%
Grizzly
13%
Homme de Métal / Molten Man
13%
Hood
13%
Hypno-Disco / Hypno-Hustler
13%
John Jameson
13%
Kangourou / Kangaroo
13%
Kangourou / Kangaroo
13%
Lapin Blanc / White Rabbit
13%
Maître du Crime / Crime Master
13%
Montana
13%
Mouche / Fly
13%
Piégeur / Trapster
13%
Roller Skater / Rocket Racer
13%
Rose
13%
Scarabée / Beetle
13%
Screwball
13%
Stegron
13%
Tarentule / Tarantula
13%
Alistair Smythe
0%
Âme Soeur / Kindred
0%
Anti-Araignées / Spider-Slayers
0%
Bouffon Noir / Demogoblin
0%
Calypso
0%
Cambrioleur / Burglar
0%
Carlton Drake
0%
Carrion
0%
Cerveau Vivant / Living Brain
0%
Chasm
0%
Doppelganger
0%
Feu Follet / Will O' the Wisp
0%
Gog
0%
Hammer Harrison
0%
Homme-Loup / Man-Wolf
0%
Iguane / Iguana
0%
Jonas Harrow
0%
Massacre
0%
Megawatt
0%
Menace
0%
Mirage
0%
Morlun
0%
Overdrive
0%
Pilleur / Looter
0%
Puma
0%
Rédempteur / Sin-Eater
0%
Reine Gobelin / Queen Goblin
0%
Riot
0%
Sasha Kravinoff
0%
Scorcher
0%
Shathra
0%
Shriek
0%
Silvermane
0%
Slyde
0%
Snake Marston
0%
Speed Demon
0%
Spencer Smythe
0%
Spidercide
0%
Vermin
0%
Xandu
0%
Aucun quiz correspondant
Distribution des résultats
% des personnes avec chaque résultat
Percentile par nombre de réponses
Votre historique - résultats
Vous n’avez pas pris ce quiz